000 00354nam a2200145Ia 4500
008 150201s2005 xx 000 0 und d
082 _a617.525
_bM2005M
100 _aMILLER RONALD
245 _aMILLERS ANESTHESIA
250 _a6TH
260 _bCHURCHILL LIVINGSTONE
_aEDINBURGH
_c2005
300 _a1-1615
650 _aORAL SURGERY
942 _2ddc
_cBK
999 _c3474
_d3474